000 00626 a2200157 4500
020 _a978-969-8535-17-9
082 _a891.4393
090 _c1761
_d1761
100 _aProf. Khaleeq Ahmad Siddiqui
245 _aJamal ul Imsaal
_cProf. Khaleeq Ahmad Siddiqui
260 _aIslamabad
_bNUST Publishing
_c2014
300 _a444p
942 _aSNS
_cBK
_k891.4393 KHA
999 _c30368
_d30368